| 000 | 00689nam a2200229 4500 | ||
|---|---|---|---|
| 003 | OSt | ||
| 005 | 20240604063235.0 | ||
| 006 | a | ||
| 008 | 240604b |||||||| |||| 00| 0 eng d | ||
| 020 | _a9789719246091 | ||
| 040 |
_aDWCL-Main lib. _cOC |
||
| 082 | _aFi. 324.2599 S623s 2009 | ||
| 100 | _aSison, Jose Ma. | ||
| 245 | _aSelected writings of Jose Ma. Sison, 1991-2009 / | ||
| 260 |
_aManila : _bAklat ng Bayan, _cc2009. |
||
| 300 |
_b214 pages ; _c23 cm. |
||
| 650 | _a1. Communism–Philippines–History | ||
| 650 | _a2. Philippines–Social conditions. | ||
| 650 | _a3. Philippines–Politics and government. | ||
| 700 | _a Jose Ma. Sison | ||
| 942 |
_2ddc _n0 _cBK - FIL _kFil. |
||
| 999 |
_c125 _d125 |
||